| 000 | 00551nam a22001577a 4500 | ||
|---|---|---|---|
| 082 | _a621 | ||
| 100 | _aMalik, Waqas Ahmed | ||
| 245 |
_aDevelopment of an Engine Cylinder Head Flow Bench / _cWaqas Ahmed Malik |
||
| 260 |
_aIslamabad : _bSMME - NUST, _c2016. |
||
| 300 |
_a73 p. ; _c30cm. |
||
| 650 |
_aMechanical Engineering-MS-Thesis _916090 |
||
| 700 |
_aSupervisor : Dr. Samiur Rahman Shah _9120102 |
||
| 856 | _uhttp://10.250.8.41:8080/xmlui/handle/123456789/12806 | ||
| 942 |
_2ddc _cTHE |
||
| 999 |
_c541107 _d541107 |
||